000
00197nam a2200073Ia 4500
008
170524s9999 xx 000 0 und d
100
_a
FITZSIMMONS
245
0
_a
SERVICES MANAGEMENT FOR COMPUTER ADVAN.
260
_b
PEARSON EDUCATION
999
_c
7966
_d
7966